| 000 | 00836nam a22002297a 4500 | ||
|---|---|---|---|
| 999 |
_c2608 _d2608 |
||
| 003 | AR-CdUCM | ||
| 008 | 190305b ||||| |||| 00| 0 spa d | ||
| 020 | _a968-23-0565-9 | ||
| 040 |
_aMUNICIPALIDAD PROVINCIAL DEL CUSCO _cBIBLIOTECA MUNICIPAL DEL CUSCO |
||
| 082 |
_a305.40 / _bSE36 |
||
| 100 |
_aSéjourné, Laurett _99190 |
||
| 245 | _aLa mujer cubana en el quehacer de la historia / | ||
| 260 |
_aMéxico : _bSiglo veintiuno, _c1980. |
||
| 300 |
_a413 páginas ; _c23 cm. |
||
| 440 |
_aColección América nuestra. _n26 _99191 |
||
| 505 | _aContenido: El desbroce -- La toma de poder -- Abriendo surcos -- La reforma agraria -- La siembra -- Los maestros voluntarios -- La cosecha -- Tesis ... | ||
| 650 |
_aHistoria cubana _99192 |
||
| 650 |
_aMujer _9143 |
||
| 650 |
_aEducación _9460 |
||
| 942 |
_2ddc _cLIBROS |
||
| 945 | _azta | ||